Top 10 Biggest Cities In USA - Statistics

General Stats
  • This quiz has been taken 175 times
  • The average score is 7 of 10
Answer Stats
Hint Answer % Correct
8.3M New York City
100%
4.0M Los Angeles
96%
2.7M Chicago
87%
2.3M Houston
80%
1.3M Dallas
77%
1.6M Philadelphia
65%
1.7M Phoenix
57%
1.4M San Diego
49%
1.5M San Antonio
41%
1.0M San Jose
35%
No matching quizzes found
Score Distribution
Percent of People with Each Score
Percentile by Number Answered
Your Score History
You have not taken this quiz